[Event "Asia-ch Seniors 50"]
[Site "Mandalay"]
[Date "2016.10.28"]
[Round "2"]
[White "Susanto, Budhi"]
[Black "Tin, Mg Aye"]
[Result "0-1"]
[WhiteElo "1748"]
[BlackElo "1896"]
[PlyCount "86"]
[EventDate "2016.10.26"]
[EventType "swiss"]
[EventRounds "9"]
[EventCountry "MYA"]
[SourceTitle "CBM 175 Extra"]
[Source "ChessBase"]
[SourceDate "2016.12.12"]
[SourceVersion "1"]
[SourceVersionDate "2016.12.12"]
[SourceQuality "1"]

1. d4 Nf6 2. Nf3 g6 3. Nc3 Bg7 4. e4 d6 5. Be2 0-0 6. h3 c5 7. d5 Na6 8. Be3 Nc7 9. g4 Bd7 10. g5 Nfe8 11. h4 b5 12. Qc1 b4 13. Nd1 e6 14. dxe6 fxe6 15. Nd2 Nb5 16. h5 Nd4 17. hxg6 hxg6 18. Bc4 Nc7 19. c3 Nc6 20. Qc2 Ne5 21. Be2 Bb5 22. c4 Be8 23. f4 Nc6 24. Nf3 Rc8 25. Nf2 Nd4 26. Nxd4 cxd4 27. Bd2 d5 28. Ng4 dxc4 29. Bxc4 Bb5 30. Nh6+ Bxh6 31. Rxh6 Kg7 32. e5 d3 33. Qb3 Qd4 34. Qxd3 Qxd3 35. Bxd3 Bxd3 36. Kf2 Nd5 37. Rah1 Rh8 38. Rxh8 Rxh8 39. Rxh8 Kxh8 40. Kf3 Kg8 41. Be3 a6 42. Bc5 Kf7 43. a4 a5 0-1